00786cam a22001934a 4500020002200000040000800022082002600030100002200056245007500078250001400153260004900167300003400216500008300250650002300333856006500356942000700421999001700428952014700445 a0486414655 (pbk.) cDLC00a526 DOV 2000 A034 Or.1 aKaula, William M.10aTheory of satellite geodesy :bapplications of satellites to geodesy / aDover ed. aMineola, N.Y. :bDover Publications,cc2000. axiv, 124 p. :bill. ;c22 cm. aOriginally published: Waltham, Mass. : Blaisdell Pub., 1966. With new preface. 0aSatellite geodesy.42uhttp://www.loc.gov/catdir/description/dover031/00064345.html cEK c12377d12377 0010406526_000000000000000_DOV_2000_A034_OR70962006aLBAbLBAcA034d2017-08-12o526 DOV 2000 A034 Or.pA17224r2017-08-12w2017-08-12yEK